01103nam a2200301Ia 450000500170000000800410001702000190005810000360007724501230011325000200023630000270025649000170028353400450030065000440034565000480038965000330043765000390047070000490050970000470055894200150060526400320062033600270065233700330067933800280071204000350074008400110077599900150078620220317001121.0160825s2008 sp g 000 0 spa  a978847888620121 aRowling, Joanne Kathleend1965-10aHarry Potter y el prisionero de AzkabancJ.K. Rowling ; traducido por Adolfo Muñoz García y Nieves Martín Azofra a18a. edición  a359 páginas c20 cm  aHarry Potter tHarry Potter and the prisoner of Azhaban142LEMBaNovela juvenil inglesa ySiglo XX142LEMBaLiteratura juvenil inglesa ySiglo XX142LEMBaMagia en la literatura142LEMB aBrujería en la literatura1 aMuñoz García, Adolfo etraductor 9663271 aMartín Azofra, Nievesetradcutora966328 2loccBKLIT aBarcelonabSalamandrac2008 atextobtxt2rdacontent asin mediaciónbn2rdamedia avolumenbnc2rdacarrier aCO-BoRNBPbspaerdacCO-BoRNBP aN ROW1 c5972d5972